Guess The Weeknd Song by Lyrics - Statistics

General Stats
  • This quiz has been taken 10,801 times
  • The average score is 112 of 144
Answer Stats
Question Tile Select % Correct
"I said I didn't feel nothing, baby, But I lied, I almost cut a piece of myself for your life.." Pretty No
91%
"I said I didn't feel nothing, baby, But I lied, I almost cut a piece of myself for your life.." Rockin' No
91%
"I said I didn't feel nothing, baby, But I lied, I almost cut a piece of myself for your life.." Montreal No
90%
"I said I didn't feel nothing, baby, But I lied, I almost cut a piece of myself for your life.." Over Now No
90%
"I said I didn't feel nothing, baby, But I lied, I almost cut a piece of myself for your life.." The Fall No
90%
"I said I didn't feel nothing, baby, But I lied, I almost cut a piece of myself for your life.." Hurt You No
89%
"I said I didn't feel nothing, baby, But I lied, I almost cut a piece of myself for your life.." Nothing Without You No
89%
"I said I didn't feel nothing, baby, But I lied, I almost cut a piece of myself for your life.." Save Your Tears No
89%
"I only call you when it's half-past five.." Material Girl No
88%
"I only call you when it's half-past five.." Missed You No
88%
"I only call you when it's half-past five.." Sidewalks No
88%
" 'Cause girl, you're perfect, you're always worth it.." Angel No
87%
" 'Cause girl, you're perfect, you're always worth it.." Attention No
87%
"I only call you when it's half-past five.." Blinding Lights No
87%
"I only call you when it's half-past five.." Coming Down No
87%
"I only call you when it's half-past five.." Kiss Land No
87%
" 'Cause girl, you're perfect, you're always worth it.." Nothing Without You No
87%
" 'Cause girl, you're perfect, you're always worth it.." Privilege No
87%
" 'Cause girl, you're perfect, you're always worth it.." Tell Your Friends No
87%
" 'Cause girl, you're perfect, you're always worth it.." Valerie No
87%
" 'Cause girl, you're perfect, you're always worth it.." What You Need No
87%
"I only call you when it's half-past five.." Earned It No
86%
"I'm running out of time, 'cause I can see the sun light up the sky, so I hit the road in overdrive.." Hurt You No
86%
"I only call you when it's half-past five.." In The Night No
86%
"I'm running out of time, 'cause I can see the sun light up the sky, so I hit the road in overdrive.." Live For No
86%
"I'm running out of time, 'cause I can see the sun light up the sky, so I hit the road in overdrive.." Repeat After Me No
86%
"I don't know why, I run away, I make you cry when I run away.." Angel No
85%
"I tried to find love, In someone else too many times.." Blinding Lights No
85%
"I'm running out of time, 'cause I can see the sun light up the sky, so I hit the road in overdrive.." Can't Feel My Face No
85%
"I don't know why, I run away, I make you cry when I run away.." High For This No
85%
"I'm running out of time, 'cause I can see the sun light up the sky, so I hit the road in overdrive.." I Was Never There No
85%
"I don't know why, I run away, I make you cry when I run away.." Outside No
85%
"I don't know why, I run away, I make you cry when I run away.." Rolling Stone No
85%
"I tried to find love, In someone else too many times.." The Hills No
85%
"I'm running out of time, 'cause I can see the sun light up the sky, so I hit the road in overdrive.." Wanderlust No
85%
"I don't know why, I run away, I make you cry when I run away.." Heartless No
84%
"What makes a grown man wanna cry?" Next No
84%
"I don't know why, I run away, I make you cry when I run away.." Scared To Live No
84%
"I tried to find love, In someone else too many times.." The Zone No
84%
"I don't know why, I run away, I make you cry when I run away.." Wasted Times No
84%
"I'm running out of time, 'cause I can see the sun light up the sky, so I hit the road in overdrive.." A Lonely Night No
83%
"I said I didn't feel nothing, baby, But I lied, I almost cut a piece of myself for your life.." Call Out My Name Yes
83%
"I don't know why, I run away, I make you cry when I run away.." Hurt You No
83%
"What makes a grown man wanna cry?" Live For No
83%
"I tried to find love, In someone else too many times.." Acquainted No
82%
"And she'll always get the best of me, the worst is yet to come.." After Hours No
82%
"I tried to find love, In someone else too many times.." Angel No
82%
"Cause my heart belongs to you, I'll risk it all for you.." Pretty No
82%
"And she'll always get the best of me, the worst is yet to come.." Pretty No
82%
"And she'll always get the best of me, the worst is yet to come.." Stargirl Interlude No
82%
"Cause my heart belongs to you, I'll risk it all for you.." The Hills No
82%
"What makes a grown man wanna cry?" The Knowing No
82%
"And she'll always get the best of me, the worst is yet to come.." The Zone No
82%
"What makes a grown man wanna cry?" Alone Again No
81%
"And she'll always get the best of me, the worst is yet to come.." Attention No
81%
"Cause my heart belongs to you, I'll risk it all for you.." HOB/GTG No
81%
"They all feel the same, adjust to the fame, 'cause no one will love you, like her it's pointless.." In Your Eyes No
81%
"Cause my heart belongs to you, I'll risk it all for you.." Live For No
81%
"And she'll always get the best of me, the worst is yet to come.." Love Me Harder No
81%
"I only call you when it's half-past five.." The Hills Yes
81%
"Cause my heart belongs to you, I'll risk it all for you.." Too Late No
81%
"What makes a grown man wanna cry?" Try Me No
81%
"I left my girl back home, I don't love her no more.." Initiation No
80%
"And she'll always get the best of me, the worst is yet to come.." Pray For Me No
80%
"What makes a grown man wanna cry?" Save Your Tears No
80%
"They all feel the same, adjust to the fame, 'cause no one will love you, like her it's pointless.." The Morning No
80%
"And she'll always get the best of me, the worst is yet to come.." True Colors No
80%
"I tried to find love, In someone else too many times.." After Hours No
79%
"Cause my heart belongs to you, I'll risk it all for you.." Alone Again No
79%
"Say it louder, say it louder, who's gonna love you like me, like me?" Can't Feel My Face No
79%
"I left my girl back home, I don't love her no more.." D.D No
79%
"You got me puttin' time in, time in, nobody got me feeling this way.." Earned It No
79%
"They all feel the same, adjust to the fame, 'cause no one will love you, like her it's pointless.." Faith No
79%
"What makes a grown man wanna cry?" Hurt You No
79%
"Order plane tickets, Cali is the mission, visit every month like I'm split life living..." Loft Music No
79%
"I left my girl back home, I don't love her no more.." Nothing Compares No
79%
"Say it louder, say it louder, who's gonna love you like me, like me?" Outside No
79%
"Order plane tickets, Cali is the mission, visit every month like I'm split life living..." Real Life No
79%
"I left my girl back home, I don't love her no more.." Same Old Song No
79%
"Order plane tickets, Cali is the mission, visit every month like I'm split life living..." Starboy No
79%
"They all feel the same, adjust to the fame, 'cause no one will love you, like her it's pointless.." The Birds pt1 No
79%
"They all feel the same, adjust to the fame, 'cause no one will love you, like her it's pointless.." The Birds pt2 No
79%
"I tried to find love, In someone else too many times.." Too Late No
79%
"Order plane tickets, Cali is the mission, visit every month like I'm split life living..." Wanderlust No
79%
"Cause my heart belongs to you, I'll risk it all for you.." Wicked Games No
79%
"They all feel the same, adjust to the fame, 'cause no one will love you, like her it's pointless.." Alone Again No
78%
"Order plane tickets, Cali is the mission, visit every month like I'm split life living..." Belong To The World No
78%
" 'Cause girl, you're perfect, you're always worth it.." Die For You No
78%
"I left my girl back home, I don't love her no more.." Over Now No
78%
"Say it louder, say it louder, who's gonna love you like me, like me?" Pretty No
78%
"Order plane tickets, Cali is the mission, visit every month like I'm split life living..." Reminder No
78%
"Sandpaper kisses, papercut bliss, don't know what this is, but it all leads to this.." Starboy No
78%
"What makes a grown man wanna cry?" Tears In The Rain No
78%
"Order plane tickets, Cali is the mission, visit every month like I'm split life living..." Tell Your Friends No
78%
"Sandpaper kisses, papercut bliss, don't know what this is, but it all leads to this.." The Hills No
78%
"You got me puttin' time in, time in, nobody got me feeling this way.." Too Late No
78%
"I left my girl back home, I don't love her no more.." Twenty Eight No
78%
"You got me puttin' time in, time in, nobody got me feeling this way.." Angel No
77%
"You got me puttin' time in, time in, nobody got me feeling this way.." Can't Feel My Face No
77%
"I'm running out of time, 'cause I can see the sun light up the sky, so I hit the road in overdrive.." Escape From LA No
77%
"Say it louder, say it louder, who's gonna love you like me, like me?" Lonely Star No
77%
"Say it louder, say it louder, who's gonna love you like me, like me?" Prisoner No
77%
"I left my girl back home, I don't love her no more.." XO/The Host No
77%
"You got me puttin' time in, time in, nobody got me feeling this way.." Dark Times No
76%
"Sandpaper kisses, papercut bliss, don't know what this is, but it all leads to this.." Earned It No
76%
"Say it louder, say it louder, who's gonna love you like me, like me?" Love In The Sky No
76%
"You got me puttin' time in, time in, nobody got me feeling this way.." Professional No
76%
"I don't know why, I run away, I make you cry when I run away.." Save Your Tears Yes
76%
"They all feel the same, adjust to the fame, 'cause no one will love you, like her it's pointless.." Wicked Games No
76%
" 'Cause girl, you're perfect, you're always worth it.." Earned It Yes
75%
"Its just me and you, they couldn't see what I see in you..." Losers No
75%
"You got me puttin' time in, time in, nobody got me feeling this way.." Love Me Harder No
75%
"I tried to find love, In someone else too many times.." Scared to Live No
75%
"Its just me and you, they couldn't see what I see in you..." Final Lullaby No
74%
"Cause my heart belongs to you, I'll risk it all for you.." Nothing Without You No
74%
"You got me puttin' time in, time in, nobody got me feeling this way.." Often No
74%
"Its just me and you, they couldn't see what I see in you..." Repeat After Me No
74%
"Say it louder, say it louder, who's gonna love you like me, like me?" Try Me No
74%
"I left my girl back home, I don't love her no more.." Wasted Times No
74%
"Say it louder, say it louder, who's gonna love you like me, like me?" What You Need No
74%
"Its just me and you, they couldn't see what I see in you..." I Feel It Coming No
73%
"Its just me and you, they couldn't see what I see in you..." Missed You No
73%
"They all feel the same, adjust to the fame, 'cause no one will love you, like her it's pointless.." Nothing Compares No
73%
"Its just me and you, they couldn't see what I see in you..." Angel No
72%
"Sandpaper kisses, papercut bliss, don't know what this is, but it all leads to this.." Privilege No
71%
"Its just me and you, they couldn't see what I see in you..." Tell Your Friends No
71%
"Sandpaper kisses, papercut bliss, don't know what this is, but it all leads to this.." The Birds pt1 No
71%
"Its just me and you, they couldn't see what I see in you..." In Your Eyes No
70%
"Sandpaper kisses, papercut bliss, don't know what this is, but it all leads to this.." Gone No
69%
"Order plane tickets, Cali is the mission, visit every month like I'm split life living..." Escape From LA No
68%
"Sandpaper kisses, papercut bliss, don't know what this is, but it all leads to this.." Loft Music No
68%
"Sandpaper kisses, papercut bliss, don't know what this is, but it all leads to this.." Valerie No
67%
"And she'll always get the best of me, the worst is yet to come.." Can't Feel My Face Yes
65%
"I'm running out of time, 'cause I can see the sun light up the sky, so I hit the road in overdrive.." Blinding Lights Yes
61%
"What makes a grown man wanna cry?" I Was Never There Yes
61%
"I left my girl back home, I don't love her no more.." Wicked Games Yes
60%
"Cause my heart belongs to you, I'll risk it all for you.." After Hours Yes
57%
"You got me puttin' time in, time in, nobody got me feeling this way.." Acquainted Yes
51%
"Say it louder, say it louder, who's gonna love you like me, like me?" Shameless Yes
49%
"Order plane tickets, Cali is the mission, visit every month like I'm split life living..." The Morning Yes
49%
"They all feel the same, adjust to the fame, 'cause no one will love you, like her it's pointless.." Tears In the Rain Yes
44%
"I tried to find love, In someone else too many times.." In Your Eyes Yes
42%
"Its just me and you, they couldn't see what I see in you..." As You Are Yes
38%
"Sandpaper kisses, papercut bliss, don't know what this is, but it all leads to this.." The Birds pt2 Yes
25%
No matching quizzes found
Score Distribution
Percent of People with Each Score
Percentile by Number Answered
Your Score History
You have not taken this quiz